Sudden Death: Misspellings #10 - Statistics

General Stats
  • This quiz has been taken 47 times
  • The average score is 8 of 16
Answers on the Grid
Answers color-coded by a green-red scale on the quiz's grid according to % correct below.
amalgamation
barbiturate
delinquent
epileptic
inconspicuous
kleptomania
orthodox
wholesale
bludgeon
colleague
auxiliary
conjugal
moccasin
negligence
incessant
homicide
congradulations
greatful
neice
contageous
grafitti
kakhi
paraphenalia
schitzophrenic
trama
withdrawl
exterdited
disfunctional
belligerant
benificiary
contraversy
counterfit
 
Answer Stats
Answer % Correct
controversy contraversy
74%
niece neice
67%
congratulations congradulations
62%
trauma trama
62%
khaki kakhi
56%
withdrawal withdrawl
56%
contagious contageous
51%
grateful greatful
51%
counterfeit counterfit
46%
extradited exterdited
46%
graffiti grafitti
46%
schizophrenic schitzophrenic
46%
beneficiary benificiary
44%
dysfunctional disfunctional
38%
paraphernalia paraphenalia
33%
belligerent belligerant
31%
No matching quizzes found
Score Distribution
Percent of People with Each Score
Percentile by Number Answered
Your Score History
You have not taken this quiz